Narayanaguruvum Kerala 'arivoli' prasthanavum - (Record no. 82996)

MARC details
000 -LEADER
fixed length control field 00738nam a22002417a 4500
003 - CONTROL NUMBER IDENTIFIER
control field OSt
005 - DATE AND TIME OF LATEST TRANSACTION
control field 20240625100351.0
008 - FIXED-LENGTH DATA ELEMENTS--GENERAL INFORMATION
fixed length control field 240625b |||||||| |||| 00| 0 eng d
040 ## - CATALOGING SOURCE
Transcribing agency STCPL
041 ## - LANGUAGE CODE
Language code of text/sound track or separate title Malayalam
100 ## - MAIN ENTRY--PERSONAL NAME
Personal name J Raghu
245 ## - TITLE STATEMENT
Title of the article Narayanaguruvum Kerala 'arivoli' prasthanavum -
Title in other language നാരായണഗുരുവും കേരള 'അറിവൊളി' പ്രസ്ഥാനവും
246 ## - Journal / Periodical
Title of the journal or magazine Mathrubhumi weekly
Volume, Issue Vol.102; No.15 -
Month & Year 30 June 2024
Pages pp. 38-49
630 ## - SUBJECT ADDED ENTRY--UNIFORM TITLE
Uniform title History
650 ## - SUBJECT ADDED ENTRY--TOPICAL TERM
Topical term Kerala history
650 ## - SUBJECT ADDED ENTRY--TOPICAL TERM
Topical term Sree Narayan Guru
650 ## - SUBJECT ADDED ENTRY--TOPICAL TERM
Topical term Kerala reformation
650 ## - SUBJECT ADDED ENTRY--TOPICAL TERM
Topical term Kerala enlightenment
650 ## - SUBJECT ADDED ENTRY--TOPICAL TERM
Topical term Arivoli prasthanam
650 ## - SUBJECT ADDED ENTRY--TOPICAL TERM
Topical term Aruvippuram
942 ## - ADDED ENTRY ELEMENTS (KOHA)
Koha item type Journal Articles
942 ## - ADDED ENTRY ELEMENTS (KOHA)
Source of classification or shelving scheme Dewey Decimal Classification
Suppress in OPAC No
Holdings
Withdrawn status Lost status Source of classification or shelving scheme Damaged status Not for loan Collection code Home library Current library Shelving location Date acquired Total Checkouts Date last seen Price effective from Koha item type
    Dewey Decimal Classification     History ST. THOMAS COLLEGE LIBRARY, PALAI ST. THOMAS COLLEGE LIBRARY, PALAI Back Volumes Section 2024-06-25   2024-06-25 2024-06-25 Journal Articles
Rights reserved ©2021 ST. THOMAS COLLEGE LIBRARY
A joint venture of - St. Thomas College Library and
Department of Computer Science, St. Thomas Collge Palai